| 000 | 00601nam a2200193Ia 4500 | ||
|---|---|---|---|
| 003 | IN-BaIIA | ||
| 008 | 211028s9999 xx 000 0 eng d | ||
| 020 | _a0-486-69193-4 | ||
| 040 | _cIIA Library | ||
| 080 |
_a51 _bDEN |
||
| 100 |
_aDennery, Philippe _932242 |
||
| 245 | 0 |
_aMathematics for physicists _cPhilippe Dennery and Andre Krzywicki |
|
| 260 |
_aNew York _bDover Publications _c1996 |
||
| 300 | _axiii, 384p. | ||
| 650 |
_aLinear vector spaces _932243 |
||
| 650 |
_aMathematical physics _91525 |
||
| 700 |
_aKrzywicki, Andre _932244 |
||
| 942 | _cBK | ||
| 999 |
_c17119 _d17119 |
||